00706nam a2200157 a 450000100060000000300090000600800410001504000280005608200200008410000170010424500230012126000390014430000110018350503310019465000230052514640CO-ViMGA141112s2004 ck r 000 u spa d aCO-ViMGAbspacCO-ViMGA04a398.20938 R673m1 aRose, H, J, 10aMitología Griega aBarcelona.Editorial Labor s.a.1970 a358.p. aHistoria de la mitología. - El origen de las cosas. - Los hijos de Crono - I. - Los hijos de Crono II. - Los reinos del cielo. - Los dioses mas jóvenes. - Deidades menores y extranjeras. - Los ciclos de la saga. - Troya. - Las leyendas de las regiones Griegas.Mõrchen en Grecia y en Italia. - Seudomitología Itálica.14aMITOLOGÍA GRIEGA